000 01015nam0a2200325 4500
001 RU\NLR\BIBL_A\022708160
005 20260317181506.0
010 _a978-5-04-227768-9
_92000
021 _aRU
_bКН-П-25-074636
_9КН-П-25-7241
035 _a(NLR Aleph) 022708160
090 _a13639478
_c13639478
100 _a20260123d2025 u y0rusy50 ca
101 0 _arus
102 _aRU
105 _aa z 000ay
181 0 _ai
_baxxe
182 0 _an
200 1 _aВосемь дней до убийства
_fЕлена Фили
203 _aТекст
_bвизуальный
_cнепосредственный
210 _aМосква
_cЭксмо
_d2025
215 _a314, [2] с.
_cил.
_d21
225 1 _aГений дедукции. Детектив в классическом стиле
333 _a16+
686 2 _aШ6(2=Р)8-446
700 1 _aФили
_bЕ.
_gЕлена
942 _cBOOK
980 _aNB